Intuice : tajuplná síla : jak vnímáme svůj vnitřní hlas a uskutečňujeme své sny /

Hlavní autor: Tepperwein, Kurt, 1932-
Další autoři: Aeschbacher, Felix, 1951-
Jazyk: Čeština
Vydáno: Olomouc : Fontána, c2014
Vydání: Vyd. 1.
Témata:
Fyzický popis: 215 s. ; 21 cm
Knihy
Uloženo v:
LEADER 01768nam a2200493 a 4500
001 nkc20142648203
003 CZ PrNK
005 20150225105034.0
007 ta
008 141212s2014 xr e f 001 0 cze
015 |a cnb002648203 
020 |a 978-80-7336-772-5  |q (váz.) 
035 |a (OCoLC)903090396 
040 |a BOA001  |b cze  |d ABA001 
041 1 |a cze  |h ger 
072 7 |a 159.96  |x Zvláštní duševní stavy a procesy. Hlubinná psychologie  |2 Konspekt  |9 17 
080 |a 159.956  |2 MRF 
080 |a 165.611  |2 MRF 
080 |a 159.923.5  |2 MRF 
080 |a 17.024.4  |2 MRF 
080 |a (0.062)  |2 MRF 
100 1 |a Tepperwein, Kurt,  |d 1932-  |7 xx0002198  |4 aut 
245 1 0 |a Intuice :  |b tajuplná síla : jak vnímáme svůj vnitřní hlas a uskutečňujeme své sny /  |c Kurt Tepperwein, Felix Aeschbacher ; [z německého originálu ... přeložil Miroslav Hubáček] 
250 |a Vyd. 1. 
260 |a Olomouc :  |b Fontána,  |c c2014 
300 |a 215 s. ;  |c 21 cm 
500 |a Obsahuje rejstřík 
650 0 7 |a intuice  |7 ph121166  |2 czenas 
650 0 7 |a intuitivismus  |7 ph164211  |2 czenas 
650 0 7 |a sebezdokonalování  |7 ph116118  |2 czenas 
650 0 7 |a úspěch  |7 ph128351  |2 czenas 
650 0 9 |a intuition  |2 eczenas 
650 0 9 |a intuitionism  |2 eczenas 
650 0 9 |a self-actualization  |2 eczenas 
650 0 9 |a success  |2 eczenas 
655 7 |a populárně-naučné publikace  |7 fd131864  |2 czenas 
655 9 |a popular works  |2 eczenas 
700 1 |a Aeschbacher, Felix,  |d 1951-  |7 nlk20050169292  |4 aut 
765 0 |t Intuition - die geheimnisvolle Kraft  |9 Česky 
910 2 |a BOA001  |b 2-1335.997 
990 |a BK 
995 |a 01 
991 |b 201412  |c NOV  |e n 
996 6 |b 2610614392  |c 2-1335.997  |l MZK  |r Sklad / do 1 hodiny  |n 3  |p p.v.  |w 001475670  |u 000010  |a 1  |e BOA001  |j MZK50  |s P